| 000 | 00559nam a22002057a 4500 | ||
|---|---|---|---|
| 005 | 20190110121232.0 | ||
| 008 | 190110b xxu||||| |||| 00| 0 eng d | ||
| 020 |
_a0070558434 _c₹ 4470.00 |
||
| 040 | _aLoreto College | ||
| 041 | _aEnglish | ||
| 082 |
_a004.22 _bSCR |
||
| 100 | _aScragg, Greg W. | ||
| 245 |
_aComputer organization _bA top-Down approach _cGreg W. Scragg |
||
| 260 |
_aNew york _bMcGraw-Hill _c1992 |
||
| 300 |
_a551 p. _b24 cm. |
||
| 504 | _aIncludes index | ||
| 650 | _aComputer Organization | ||
| 850 | _aLCLIB | ||
| 942 | _cBK | ||
| 999 |
_c41917 _d92396 |
||